Projet de paix perpétuelle: esquisse philosophique 1795

Saved in:
Bibliographic Details
Format: Book
Language:French
Published: París J. Vrin 1947
Series:Bibliothèque des Textes Philosophiques
Subjects:
Tags: Add Tag
No Tags, Be the first to tag this record!

MARC

LEADER 00000nam a2200000 a 4500
001 UCZ4815
003 CL-VaPUC
005 20250226122733.0
008 951110e19470000FR |||||||||||||||||fre|d
999 |c 241179  |d 241177 
040 |c Pontificia Universidad Católica de Valparaíso 
082 0 4 |a 141  |b KAN  |2 21 
245 1 0 |a Projet de paix perpétuelle: esquisse philosophique 1795 
260 |a París  |b J. Vrin  |c 1947 
300 |a 86 p 
490 0 |a Bibliothèque des Textes Philosophiques 
583 |a last modification  |c 19951110 00:00:00  |k Rodrigo Vera 
650 0 |a Idealismo  |9 265685 
650 0 |a Escuelas filosóficas   |9 266232 
650 0 |a Filosofía alemana   |9 265002 
650 7 |a PACIFISMO  |2 CL-VaPUC  |9 319054 
650 0 |a Ideologías  |9 255200 
650 0 |a No violencia  |9 348775 
650 0 |a Paz  |9 259242 
852 |a BIBCUR 
942 |c BK  |2 ddc 
945 |d 19951110 00:00:00  |a lriquelm 
952 |0 0  |1 0  |4 0  |6 141_000000000000000_KAN_1947  |7 0  |8 P  |9 253363  |a BIBEDU  |b BIBEDU  |c BIBEDU_PB  |d 2019-11-19  |i 1599941  |o 141 KAN 1947  |p 1599941  |r 2024-01-25  |w 2019-11-19  |y BK  |k FIL 
952 |0 0  |1 0  |4 0  |6 141_000000000000000_KAN_1947  |7 0  |8 X  |9 253364  |a BIBDER  |b BIBDER  |d 2019-11-19  |i 1955055  |o 141 KAN 1947  |p 1955055  |r 2023-01-25  |w 2019-11-19  |y BK_X  |k DER